| 000 | 00724nac a22001811u 4500 | ||
|---|---|---|---|
| 010 | _a 2006020788 | ||
| 082 | 0 | 0 |
_a658.84 _bC998 |
| 090 |
_c2007 _d2007 |
||
| 100 | _aCzinkota, Michael R. | ||
| 245 | 1 | 0 |
_aInternational marketing / _cMichael R. Czinkota, Ilkka A. Ronkainen. |
| 250 | _a8th ed. | ||
| 260 |
_aMason, OH : _bThomson Southwestern,2007 _c2007. |
||
| 650 | 0 | _aExport marketing. | |
| 700 | 1 | _aRonkainen, Ilkka A. | |
| 856 | 4 | 1 |
_3Table of contents only _uhttp://www.loc.gov/catdir/toc/ecip0615/2006020788.html |
| 942 |
_cBB _k658.84C998 |
||
| 999 |
_c2007 _d2007 |
||